000 00298nam a22001337a 4500
008 170329b xxu||||| |||| 00| 0 eng d
020 _a0683073206
041 _aeng
080 _a616-053.2
100 _a8
101 _ashm
245 _aTEXBOOK PEDIATRIC INTENSIVE
_cROGERRS.M.C
942 _2udc
_cBK
999 _c8995
_d8995